| 000 | 00629nam a2200229Ia 4500 | ||
|---|---|---|---|
| 008 | 160621s9999 xx 000 0 und d | ||
| 020 | _a1-4018-8659-0 | ||
| 050 | _aComSc TK 5103.2 | ||
| 050 | _b.M85 2006 | ||
| 100 | _aMullett, Gary J. | ||
| 245 | _aWireless telecommunications systems and networks / | ||
| 245 | _cGary J. Mullett. | ||
| 260 | _aNew York : | ||
| 260 | _bThomson Delmar Learning, | ||
| 260 | _c2006 | ||
| 300 | _a644 pages : | ||
| 300 | _billustrations ; | ||
| 300 | _c23 cm. | ||
| 500 | _aIncludes index. | ||
| 650 | _aWireless communication systems. | ||
| 650 | _xMobile communication systems. | ||
| 999 |
_c296118 _d296118 |
||